000 00289 a2200109 4500
005 20250628144928.0
100 _aSCHAEFER, W
245 _aBusiness Administration Manual
260 _aDar es salaam
_bCollege of Business Education
_c1978
300 _a232p.: ill; Table
_c29cm
942 _2ddc
_cBKS
999 _c6067
_d6067